000 00919cam a2200313 4500
001 ABS65000
008 020121n2001 000 0 eng u
035 _a(Sirsi) u116387
245 _aRegional survey: Wales
260 _c2001
490 _aProperty Week
_v66(47) 23 November 2001, 95-118(9)
590 _aABS
650 _aWALES
650 _aNORTH WALES
650 _aWELSH DEVELOPMENT AGENCY
650 _aDEVELOPMENT LAND
650 _aWREXHAM
650 _aCARDIFF
650 _aINVESTMENT MARKET
650 _aPROPERTY-COMMERCIAL PROPERTY-RETAIL PROPERTY-RETAIL PROPERTY MARKET
650 _aINDUSTRIAL MARKET
650 _aCAERPHILLY
650 _aPROPERTY-COMMERCIAL PROPERTY-OFFICE PROPERTY-OFFICE PROPERTY MARKET
650 _aNEWPORT
650 _aLEISURE MARKET
650 _aPLANNING ISSUES
690 _aPROPERTY-COMMERCIAL PROPERTY-COMMERCIAL PROPERTY MARKET
942 _n0
999 _c69316
_d69316